[Event "9. Int. Bavarian Open"]
[Site "Bad Wiessee"]
[Date "2005.11.05"]
[Round "8"]
[White "Miroshnichenko, Evgenij"]
[Black "Hoffmann, Michael"]
[Result "1/2-1/2"]
[WhiteElo "2634"]
[BlackElo "2443"]
[PlyCount "47"]
[EventDate "2005.??.??"]

1. Nf3 Nf6 2. c4 e6 3. g3 d5 4. d4 dxc4 5. Bg2 Bb4+ 6. Nbd2 b5 7. O-O Bb7 8.
Nxc4 bxc4 9. Qa4+ Nc6 10. Ne5 Nd5 11. Nxc6 Qd7 12. Bxd5 exd5 13. Qxb4 Bxc6 14.
b3 cxb3 15. axb3 Bb5 16. Bf4 c6 17. Rfe1 f6 18. f3 Kf7 19. e4 dxe4 20. fxe4
Rhe8 21. Bd6 Qg4 22. d5 Qd7 23. Rec1 Rec8 24. Bc5 1/2-1/2

[Event "9. Int. Bavarian Open"]
[Site "Bad Wiessee"]
[Date "2005.11.05"]
[Round "8"]
[White "Kritz, Leonid"]
[Black "Burmakin, Vladimir"]
[Result "1-0"]
[WhiteElo "2545"]
[BlackElo "2508"]
[PlyCount "101"]
[EventDate "2005.??.??"]

1. e4 c6 2. d4 d5 3. e5 Bf5 4. Nd2 e6 5. Nb3 Nd7 6. Nf3 Ne7 7. Be2 h6 8. O-O g5
9. Ne1 Bg7 10. f4 Qb6 11. Nd3 gxf4 12. Kh1 Ng6 13. Nxf4 Nxf4 14. Bxf4 O-O-O 15.
a4 Qc7 16. Bg3 Bg6 17. Bh5 Nf8 18. Nc5 Bf5 19. a5 Qe7 20. a6 b6 21. Nb7 Rd7 22.
Nd6+ Rxd6 23. exd6 Qd7 24. b3 Nh7 25. c4 Nf6 26. Be5 Rg8 27. Bf3 Ne4 28. cxd5
exd5 29. Bh5 f6 30. Bf4 Bf8 31. Qc1 Bxd6 32. Bxd6 Nxd6 33. Qxh6 Be4 34. Bf3 Qe7
35. Bxe4 Nxe4 36. Rac1 Kd7 37. Rc2 c5 38. Qf4 Kc6 39. Qf5 Rh8 40. Kg1 Qd6 41.
g3 Qe7 42. Rd1 Rd8 43. Qf1 Rd6 44. Re1 Qe6 45. Qd3 Rd7 46. dxc5 bxc5 47. b4 c4
48. Qd4 Kb5 49. Ra2 Qb6 50. Ra5+ Kc6 51. Rxe4 1-0

[Event "9. Int. Bavarian Open"]
[Site "Bad Wiessee"]
[Date "2005.11.05"]
[Round "8"]
[White "Meins, Gerlef"]
[Black "Baramidze, David"]
[Result "1/2-1/2"]
[WhiteElo "2441"]
[BlackElo "2542"]
[PlyCount "82"]
[EventDate "2005.??.??"]

1. d4 Nf6 2. c4 g6 3. Nc3 d5 4. Bf4 Bg7 5. e3 c5 6. dxc5 Qa5 7. Rc1 dxc4 8.
Bxc4 O-O 9. Nf3 Qxc5 10. Bb3 Nc6 11. O-O Qa5 12. h3 Bf5 13. Qe2 Ne4 14. Nd5 e5
15. Rxc6 exf4 16. Rc7 Nc5 17. Bc4 Ne6 18. Rxb7 Be4 19. Rb5 Qa4 20. b3 Qa3 21.
Nxf4 Nxf4 22. exf4 Rae8 23. Qd2 Bxf3 24. gxf3 Qe7 25. Kg2 Qh4 26. Re1 Rxe1 27.
Qxe1 Qxf4 28. Qe3 Qh4 29. Qe4 Qf6 30. f4 Kh8 31. Rb7 Qb2 32. Rxf7 Rxf7 33. Bxf7
Bd4 34. Qf3 Qxa2 35. f5 Qa6 36. fxg6 hxg6 37. Qe4 Qf6 38. f4 Kg7 39. Bc4 Bb6
40. Kg3 Kh6 41. Qe5 Qxe5 1/2-1/2

[Event "9. Int. Bavarian Open"]
[Site "Bad Wiessee"]
[Date "2005.11.05"]
[Round "8"]
[White "Naumann, Alexander"]
[Black "Morawietz, Dieter"]
[Result "0-1"]
[WhiteElo "2534"]
[BlackElo "2385"]
[PlyCount "72"]
[EventDate "2005.??.??"]

1. e4 c5 2. Nf3 e6 3. d4 cxd4 4. Nxd4 Nf6 5. Nc3 d6 6. g4 h6 7. Bg2 Nc6 8. h3
a6 9. Be3 Qc7 10. f4 Na5 11. Qe2 Bd7 12. O-O-O Rc8 13. Kb1 b5 14. Rde1 Be7 15.
g5 hxg5 16. fxg5 Nh5 17. g6 Nc4 18. gxf7+ Kxf7 19. Bc1 Bf6 20. Qd3 Ng3 21. Qxg3
Bxd4 22. Rhf1+ Kg8 23. Rd1 Be5 24. Qg6 Rh4 25. Rd3 Nxb2 26. Bxb2 b4 27. Qf7+
Kh7 28. Rff3 bxc3 29. Rxc3 Qb7 30. Rb3 Qxe4 31. Rf2 Qe1+ 32. Bc1 Be8 33. Qxe6
Qxf2 34. Qxc8 Bf7 35. Rb7 Rc4 36. Rxf7 Qxc2# 0-1

[Event "9. Int. Bavarian Open"]
[Site "Bad Wiessee"]
[Date "2005.11.05"]
[Round "8"]
[White "Deglmann, Ludwig"]
[Black "Eingorn, Vereslav"]
[Result "1/2-1/2"]
[WhiteElo "2378"]
[BlackElo "2587"]
[PlyCount "70"]
[EventDate "2005.??.??"]

1. e4 c5 2. Nf3 e6 3. b3 a6 4. Bb2 d5 5. exd5 exd5 6. d4 Nf6 7. Bd3 Be7 8. O-O
O-O 9. dxc5 Nc6 10. Nd4 Bxc5 11. Nxc6 bxc6 12. Qf3 Re8 13. Nd2 Qd6 14. h3 Ba3
15. Bxa3 Qxa3 16. Qf4 a5 17. Rae1 Bd7 18. Nf3 Qb4 19. Rxe8+ Rxe8 20. Qc7 Qc3
21. a4 h6 22. Qa7 Qb4 23. Qc7 Qc3 24. Qa7 g6 25. Qc7 Kg7 26. Qa7 Qb4 27. Qc7
Re7 28. Qd8 Re6 29. Qc7 Qc3 30. Kh1 Re8 31. Kg1 Re6 32. Kh1 Re7 33. Qd8 Qc5 34.
Kg1 Re6 35. Qc7 Qc3 1/2-1/2

[Event "9. Int. Bavarian Open"]
[Site "Bad Wiessee"]
[Date "2005.11.05"]
[Round "8"]
[White "Heinz, Axel"]
[Black "Romanishin, Oleg"]
[Result "1/2-1/2"]
[WhiteElo "2363"]
[BlackElo "2547"]
[PlyCount "61"]
[EventDate "2005.??.??"]

1. e4 e5 2. Nf3 Nc6 3. Bc4 Nf6 4. d3 Be7 5. O-O O-O 6. Re1 d6 7. c3 Na5 8. Bb5
a6 9. Ba4 b5 10. Bc2 c5 11. Nbd2 Re8 12. Nf1 Bf8 13. Bg5 h6 14. Bh4 g6 15. Ne3
Bg7 16. h3 Bb7 17. Nh2 Qd7 18. Qd2 g5 19. Bg3 d5 20. exd5 Nxd5 21. Nxd5 Qxd5
22. Nf3 Rad8 23. Qe2 Nc6 24. Qe4 Qd7 25. d4 f5 26. Qxf5 Qxf5 27. Bxf5 exd4 28.
Bc7 Ra8 29. c4 bxc4 30. Be6+ Kh8 31. Bxc4 1/2-1/2

[Event "9. Int. Bavarian Open"]
[Site "Bad Wiessee"]
[Date "2005.11.05"]
[Round "8"]
[White "Kabisch, Thilo"]
[Black "Jaracz, Pawel"]
[Result "0-1"]
[WhiteElo "2330"]
[BlackElo "2492"]
[PlyCount "106"]
[EventDate "2005.??.??"]

1. e4 c5 2. Nf3 Nc6 3. d4 cxd4 4. Nxd4 e6 5. Nb5 d6 6. c4 Nf6 7. N1c3 a6 8. Na3
b6 9. Be2 Bb7 10. O-O Be7 11. Be3 Ne5 12. f3 O-O 13. Qb3 Ned7 14. Rfd1 Qc7 15.
Rac1 Rac8 16. Nab1 Rfe8 17. Kh1 h5 18. Bf2 Qb8 19. Na4 Nc5 20. Nxc5 bxc5 21.
Bg3 Nd7 22. h3 h4 23. Bh2 Ne5 24. Qe3 Nc6 25. Nc3 Nd4 26. Bf1 Bc6 27. Rd2 Qb7
28. Bd3 a5 29. Rg1 d5 30. Bf4 dxe4 31. Nxe4 Rcd8 32. Rgd1 Bxe4 33. Bxe4 Qa7 34.
Be5 f5 35. Bb1 Qb6 36. Rg1 Qc6 37. Rf2 Rd7 38. g3 hxg3 39. Bxg7 Bg5 40. Rxg3
Bxe3 41. Bxd4+ Kh7 42. Bxe3 Rd1+ 43. Rg1 Rxg1+ 44. Kxg1 Rg8+ 45. Kf1 Rg3 46.
Ke2 Rxh3 47. Bf4 Qa4 48. b3 Qa3 49. Be5 Rh1 50. Bc2 Qc1 51. Kd3 Re1 52. Rh2+
Kg6 53. Rg2+ Kf7 0-1

[Event "9. Int. Bavarian Open"]
[Site "Bad Wiessee"]
[Date "2005.11.05"]
[Round "8"]
[White "Bischoff, Klaus"]
[Black "Levushkina, Elena"]
[Result "1/2-1/2"]
[WhiteElo "2555"]
[BlackElo "2230"]
[PlyCount "65"]
[EventDate "2005.??.??"]

1. c4 e5 2. g3 c6 3. d4 exd4 4. Qxd4 d5 5. Bg2 Nf6 6. Nf3 Bb4+ 7. Bd2 Bxd2+ 8.
Nbxd2 O-O 9. O-O dxc4 10. Nxc4 Be6 11. Qxd8 Rxd8 12. Rfd1 Na6 13. Na5 Bd5 14.
Nd4 Bxg2 15. Kxg2 Rd7 16. Nf5 Rad8 17. Rxd7 Rxd7 18. Ne3 Nb4 19. a3 Nbd5 20.
Nxd5 Nxd5 21. Rc1 Kf8 22. f3 Ne7 23. b4 Ke8 24. Kf2 Kd8 25. Nb3 Rd5 26. Nc5 b6
27. Nd3 a5 28. Rc3 Kc7 29. g4 axb4 30. axb4 Rd8 31. h4 f6 32. Rc4 Ng6 33. h5
1/2-1/2

[Event "9. Int. Bavarian Open"]
[Site "Bad Wiessee"]
[Date "2005.11.05"]
[Round "8"]
[White "Nogly, Christoph"]
[Black "Khenkin, Igor"]
[Result "0-1"]
[WhiteElo "2274"]
[BlackElo "2603"]
[PlyCount "30"]
[EventDate "2005.??.??"]

1. d4 Nf6 2. c4 g6 3. Nc3 Bg7 4. e4 O-O 5. h3 d6 6. Bg5 c5 7. d5 e6 8. Bd3 exd5
9. exd5 Re8+ 10. Nge2 Nbd7 11. f4 b5 12. Nxb5 Qb6 13. Nbc3 h6 14. Bh4 Qxb2 15.
Rb1 Qxc3+ 0-1

[Event "9. Int. Bavarian Open"]
[Site "Bad Wiessee"]
[Date "2005.11.05"]
[Round "8"]
[White "Hartmann, Wolfram"]
[Black "Bromberger, Stefan"]
[Result "0-1"]
[WhiteElo "2247"]
[BlackElo "2478"]
[PlyCount "74"]
[EventDate "2005.??.??"]

1. e4 c5 2. Nf3 d6 3. d4 cxd4 4. Nxd4 Nf6 5. Nc3 a6 6. Be3 e6 7. f3 b5 8. Qd2
Nbd7 9. g4 Nb6 10. g5 Nfd7 11. h4 b4 12. Nd1 d5 13. exd5 Nxd5 14. Nf2 Bb7 15.
Ne4 Nxe3 16. Qxe3 Qc7 17. O-O-O Nb6 18. Kb1 Be7 19. Bh3 Nd5 20. Qb3 Rd8 21.
Bxe6 O-O 22. Bg4 Rfe8 23. Nf5 Bf8 24. h5 Qf4 25. h6 g6 26. Rxd5 Bxd5 27. Nf6+
Kh8 28. Nxd5 Qh2 29. Rc1 gxf5 30. Bxf5 Qd2 31. Be4 Qxg5 32. Nxb4 Bxh6 33. Rf1
Qf6 34. Nd5 Qe5 35. Qc3 f5 36. Qc6 Bg7 37. c3 fxe4 0-1

[Event "9. Int. Bavarian Open"]
[Site "Bad Wiessee"]
[Date "2005.11.05"]
[Round "8"]
[White "Braun, Christian"]
[Black "Donchenko, Anatoli"]
[Result "1/2-1/2"]
[WhiteElo "2240"]
[BlackElo "2460"]
[PlyCount "35"]
[EventDate "2005.??.??"]

1. d4 Nf6 2. c4 e6 3. Nf3 d5 4. cxd5 exd5 5. Nc3 Be7 6. Bg5 Nbd7 7. e3 Nf8 8.
Bd3 Ne6 9. Bh4 O-O 10. Qc2 g6 11. h3 c5 12. dxc5 d4 13. exd4 Nxd4 14. Nxd4 Qxd4
15. Bg3 Nh5 16. Bh2 Nf4 17. Be4 Bg5 18. O-O 1/2-1/2

[Event "9. Int. Bavarian Open"]
[Site "Bad Wiessee"]
[Date "2005.11.05"]
[Round "8"]
[White "Kopylov, Michael"]
[Black "Ehrke, Michael"]
[Result "1-0"]
[WhiteElo "2445"]
[BlackElo "2244"]
[PlyCount "83"]
[EventDate "2005.??.??"]

1. d4 d5 2. c4 Bf5 3. cxd5 Bxb1 4. Rxb1 Qxd5 5. a3 Nc6 6. Nf3 O-O-O 7. Qc2 Nxd4
8. Nxd4 Qxd4 9. g3 e6 10. Bg2 Qc5 11. Qa4 a6 12. Be3 Qb5 13. Qc2 Nf6 14. O-O
Bd6 15. b4 Qf5 16. Qb3 h5 17. Rfc1 h4 18. Rc5 Nd5 19. Bd4 hxg3 20. hxg3 Qg4 21.
e4 Nb6 22. Rcc1 Kb8 23. Qc3 Na4 24. Qc4 Nb6 25. Qc3 Na4 26. Qe3 e5 27. Ba7+ Ka8
28. Bc5 Qd7 29. Qb3 Rh7 30. Rd1 Rdh8 31. Rbc1 Rh2 32. Qf3 f6 33. Bxd6 cxd6 34.
Qf5 Qb5 35. Rc8+ Ka7 36. Rxh8 Rxh8 37. Bf1 Qb6 38. Qd7 Rd8 39. Qxa4 Qc7 40. Qb3
Rh8 41. Qd5 g5 42. Qxd6 1-0

[Event "9. Int. Bavarian Open"]
[Site "Bad Wiessee"]
[Date "2005.11.05"]
[Round "8"]
[White "Stabolewski, Andreas"]
[Black "Womacka, Mathias"]
[Result "0-1"]
[WhiteElo "2219"]
[BlackElo "2397"]
[PlyCount "66"]
[EventDate "2005.??.??"]

1. g3 c5 2. f4 g6 3. Bg2 Bg7 4. Nf3 Nc6 5. O-O e6 6. d3 Nge7 7. c3 O-O 8. e4 b6
9. a4 d6 10. Na3 Qd7 11. Rb1 Bb7 12. Bd2 Rac8 13. g4 f5 14. h3 Nd8 15. Re1 Nf7
16. Nc4 Rce8 17. Qc2 e5 18. g5 d5 19. Ncxe5 Nxe5 20. Nxe5 Bxe5 21. fxe5 dxe4
22. dxe4 Bxe4 23. Qb3+ Kg7 24. Rbd1 Bxg2 25. Kxg2 f4 26. e6 f3+ 27. Kf2 Qd6 28.
Qc4 Qh2+ 29. Ke3 f2 30. Rh1 Qg3+ 31. Ke4 Qf3+ 32. Ke5 Rf5+ 33. Kd6 Qc6# 0-1

[Event "9. Int. Bavarian Open"]
[Site "Bad Wiessee"]
[Date "2005.11.05"]
[Round "8"]
[White "Lange, Klaus"]
[Black "Stark, Lars"]
[Result "1-0"]
[WhiteElo "2147"]
[BlackElo "2342"]
[PlyCount "53"]
[EventDate "2005.??.??"]

1. Nf3 Nf6 2. b3 e6 3. Bb2 Be7 4. g3 b5 5. Bg2 Bb7 6. O-O c5 7. d4 O-O 8. Nbd2
cxd4 9. Nxd4 Bxg2 10. Kxg2 Qb6 11. c4 Qb7+ 12. Kg1 a6 13. e3 Rc8 14. Rc1 Nc6
15. Qf3 bxc4 16. Nxc6 Rxc6 17. Nxc4 Rc7 18. Qxb7 Rxb7 19. Be5 d5 20. Na5 Rb5
21. Nc6 Ba3 22. Rc2 a5 23. Rd1 Bf8 24. Rdc1 Nd7 25. Bb2 a4 26. b4 Bxb4 27. Nxb4
1-0

[Event "9. Int. Bavarian Open"]
[Site "Bad Wiessee"]
[Date "2005.11.05"]
[Round "8"]
[White "Brener, Ilja"]
[Black "Weiler, Wolfgang"]
[Result "1-0"]
[WhiteElo "2334"]
[BlackElo "2170"]
[PlyCount "73"]
[EventDate "2005.??.??"]

1. Nf3 g6 2. d4 Bg7 3. c4 d6 4. Nc3 Bg4 5. e3 Nc6 6. Be2 e5 7. O-O Nh6 8. Nxe5
Nxe5 9. dxe5 Bxe2 10. Qxe2 dxe5 11. Rd1 Qc8 12. e4 c6 13. Bg5 f6 14. Bxh6 Bxh6
15. Rd6 O-O 16. Rad1 Rf7 17. Qf3 Bg7 18. h4 h5 19. R1d3 Qg4 20. Qxg4 hxg4 21.
Nd1 Bf8 22. Rd7 Bc5 23. Ne3 Bxe3 24. fxe3 Raf8 25. Kf2 f5 26. Rxf7 Rxf7 27.
exf5 gxf5 28. Kg3 Kf8 29. h5 Ke7 30. Kh4 Ke6 31. h6 g3 32. Kg5 f4 33. exf4 exf4
34. Rf3 Ke5 35. Kg6 Rd7 36. h7 Rd8 37. Rf1 1-0

[Event "9. Int. Bavarian Open"]
[Site "Bad Wiessee"]
[Date "2005.11.05"]
[Round "8"]
[White "Sandipan, Chanda"]
[Black "Van den Bersselaar, Jeroen"]
[Result "1-0"]
[WhiteElo "2560"]
[BlackElo "2211"]
[PlyCount "59"]
[EventDate "2005.??.??"]

1. e4 e6 2. d4 d5 3. e5 c5 4. c3 Nc6 5. Nf3 Bd7 6. Be2 Nge7 7. Na3 cxd4 8. cxd4
Nf5 9. Nc2 Qb6 10. O-O Na5 11. g4 Ne7 12. Nfe1 Bb5 13. Nd3 h5 14. gxh5 Nf5 15.
Nf4 Bxe2 16. Qxe2 Nc6 17. Be3 O-O-O 18. b4 Kb8 19. a4 Rc8 20. a5 Qd8 21. Kh1
Qh4 22. Rg1 Bxb4 23. a6 b6 24. Rab1 Bc3 25. Rg4 Qe7 26. Qd3 Nb4 27. Nxb4 Bxb4
28. Nxd5 exd5 29. Qxf5 Rcg8 30. Bg5 1-0

[Event "9. Int. Bavarian Open"]
[Site "Bad Wiessee"]
[Date "2005.11.05"]
[Round "8"]
[White "Schütte, Manfred"]
[Black "Ponater, Michael"]
[Result "1-0"]
[WhiteElo "2319"]
[BlackElo "2199"]
[PlyCount "75"]
[EventDate "2005.??.??"]

1. c4 e5 2. Nc3 Nf6 3. Nf3 Nc6 4. e3 Bb4 5. Qc2 O-O 6. Nd5 Re8 7. Bd3 h6 8. a3
Bf8 9. h4 d6 10. Ng5 Be6 11. Bh7+ Kh8 12. Bf5 Qd7 13. Bh3 e4 14. Nxf6 gxf6 15.
Nxe6 fxe6 16. Qxe4 f5 17. Qc2 Bg7 18. d4 Qf7 19. g3 e5 20. d5 Ne7 21. e4 fxe4
22. Qxe4 Rf8 23. Be3 Ng8 24. Be6 Qf3 25. Qxf3 Rxf3 26. Ke2 Raf8 27. b4 e4 28.
Rac1 Bb2 29. Rb1 Be5 30. c5 Ne7 31. Rhc1 h5 32. Rc4 Nf5 33. Bxf5 R3xf5 34. Rxe4
Bg7 35. Rd1 Bb2 36. a4 Rd8 37. Re7 dxc5 38. bxc5 1-0

[Event "9. Int. Bavarian Open"]
[Site "Bad Wiessee"]
[Date "2005.11.05"]
[Round "8"]
[White "Fischer, Johann"]
[Black "Loos, Stephan"]
[Result "1-0"]
[WhiteElo "2302"]
[BlackElo "2193"]
[PlyCount "61"]
[EventDate "2005.??.??"]

1. d4 f5 2. Nf3 Nf6 3. g3 g6 4. Bg2 Bg7 5. O-O O-O 6. Nbd2 d6 7. b3 c5 8. e3
Nc6 9. Bb2 Qc7 10. dxc5 dxc5 11. Nc4 b5 12. Nce5 Bb7 13. Nd3 Qb6 14. a4 a6 15.
Ng5 Na5 16. Bxb7 Nxb7 17. Nf4 Rfd8 18. Qf3 Rac8 19. axb5 axb5 20. Nge6 Rd2 21.
Nxg7 Kxg7 22. Rfd1 Rcd8 23. Rxd2 Rxd2 24. Ra8 Nd6 25. Bxf6+ exf6 26. Rd8 Ne4
27. Rxd2 Nxd2 28. Qd5 Qa5 29. Ne6+ Kh6 30. Kg2 Qb4 31. c4 1-0

[Event "9. Int. Bavarian Open"]
[Site "Bad Wiessee"]
[Date "2005.11.05"]
[Round "8"]
[White "Niese, Holger"]
[Black "Kummerow, Heiko"]
[Result "0-1"]
[WhiteElo "2152"]
[BlackElo "2285"]
[PlyCount "60"]
[EventDate "2005.??.??"]

1. e4 e6 2. d4 d5 3. Nd2 Nf6 4. e5 Nfd7 5. f4 c5 6. c3 Nc6 7. Ndf3 cxd4 8. cxd4
Qb6 9. g3 Be7 10. Ne2 f6 11. Bh3 O-O 12. Bxe6+ Kh8 13. exf6 Bb4+ 14. Bd2 Nxf6
15. Bxc8 Raxc8 16. b3 Ne4 17. Bxb4 Qxb4+ 18. Kf1 g5 19. Kg2 g4 20. Ne5 Nxe5 21.
dxe5 Nd2 22. Re1 Qe4+ 23. Kf2 Rc2 24. Rc1 Rfc8 25. e6 Qf3+ 26. Kg1 Qe3+ 27. Kg2
Nf3 28. Rxc2 Nxe1+ 29. Kf1 Nxc2 30. Qxd5 Qf3+ 0-1

[Event "9. Int. Bavarian Open"]
[Site "Bad Wiessee"]
[Date "2005.11.06"]
[Round "9"]
[White "Postny, Evgeny"]
[Black "Kritz, Leonid"]
[Result "1/2-1/2"]
[WhiteElo "2571"]
[BlackElo "2545"]
[PlyCount "23"]
[EventDate "2005.??.??"]

1. e4 e5 2. Nf3 Nc6 3. Bb5 Nf6 4. O-O Nxe4 5. d4 Nd6 6. Bxc6 dxc6 7. dxe5 Nf5
8. Qxd8+ Kxd8 9. Nc3 Ke8 10. h3 Be7 11. Ne4 Nh4 12. Nd4 1/2-1/2

[Event "9. Int. Bavarian Open"]
[Site "Bad Wiessee"]
[Date "2005.11.06"]
[Round "9"]
[White "Baramidze, David"]
[Black "Salvermoser, Bernd"]
[Result "1-0"]
[WhiteElo "2542"]
[BlackElo "2266"]
[PlyCount "57"]
[EventDate "2005.??.??"]

1. e4 c6 2. d4 d5 3. Nd2 dxe4 4. Nxe4 Bf5 5. Ng3 Bg6 6. h4 h6 7. Nf3 Nd7 8. h5
Bh7 9. Bd3 Bxd3 10. Qxd3 Qc7 11. Bd2 e6 12. O-O-O O-O-O 13. Qe2 Ngf6 14. Ne5
Nb6 15. Rh4 Bd6 16. Kb1 Qe7 17. c4 c5 18. dxc5 Bxc5 19. Rhh1 Bd4 20. Nf3 Qc7
21. Ba5 Bc5 22. b4 Bxf2 23. Qxf2 Ng4 24. Rxd8+ Rxd8 25. Qc5 Rd3 26. Qxc7+ Kxc7
27. c5 Kc6 28. cxb6 axb6 29. b5+ 1-0

[Event "9. Int. Bavarian Open"]
[Site "Bad Wiessee"]
[Date "2005.11.06"]
[Round "9"]
[White "Womacka, Mathias"]
[Black "Eingorn, Vereslav"]
[Result "0-1"]
[WhiteElo "2397"]
[BlackElo "2587"]
[PlyCount "78"]
[EventDate "2005.??.??"]

1. e4 e6 2. d4 d5 3. Nd2 h6 4. c3 c5 5. exd5 exd5 6. Bb5+ Bd7 7. Qe2+ Be7 8.
dxc5 Nf6 9. Ngf3 O-O 10. Nb3 Re8 11. Be3 a6 12. Bd3 a5 13. a4 Ng4 14. O-O Bf8
15. c4 Na6 16. c6 Bxc6 17. Nfd4 Nxe3 18. fxe3 Nb4 19. cxd5 Bxd5 20. Bc4 Bxc4
21. Qxc4 Qd5 22. Qe2 b6 23. Rf5 Qe4 24. Raf1 Ra7 25. R5f3 Qd5 26. Rf5 Qe4 27.
R5f3 Rb7 28. Qf2 Nd3 29. Qc2 Nb4 30. Qxe4 Rxe4 31. Rd1 Rd7 32. Kf2 g6 33. Rd2
Bg7 34. Nb5 Rd3 35. Nc3 Bxc3 36. bxc3 Rxc3 37. Rd8+ Kg7 38. Nd4 Re7 39. Rd6
Nd3+ 0-1

[Event "9. Int. Bavarian Open"]
[Site "Bad Wiessee"]
[Date "2005.11.06"]
[Round "9"]
[White "Lang, Torsten"]
[Black "Naumann, Alexander"]
[Result "0-1"]
[WhiteElo "2352"]
[BlackElo "2534"]
[PlyCount "78"]
[EventDate "2005.??.??"]

1. d4 Nf6 2. Nf3 g6 3. c4 Bg7 4. Nc3 d5 5. g3 O-O 6. Bg2 dxc4 7. Ne5 Ne8 8.
Nxc4 Qxd4 9. Qxd4 Bxd4 10. Nd5 Nc6 11. Bg5 Be6 12. Rc1 Nd6 13. Nxd6 cxd6 14.
Nc7 Rac8 15. Nxe6 fxe6 16. O-O Bf6 17. Be3 d5 18. b3 b6 19. Rfd1 Nb4 20. a4 Bb2
21. Rxc8 Rxc8 22. Bd2 Na2 23. e4 d4 24. Bf1 Nc3 25. Re1 Kf7 26. e5 Na2 27. Bc4
Bc3 28. Rd1 Nb4 29. f4 Nc2 30. Bc1 Ne3 31. Bxe3 dxe3 32. Kf1 Bd2 33. Ke2 Ke8
34. Bxe6 Rc2 35. Bc4 Kd7 36. Kf3 Kc6 37. h4 Kc5 38. Bd3 Rc3 39. Ke4 e2 0-1

[Event "9. Int. Bavarian Open"]
[Site "Bad Wiessee"]
[Date "2005.11.06"]
[Round "9"]
[White "Akesson, Ralf"]
[Black "Meister, Peter"]
[Result "1/2-1/2"]
[WhiteElo "2486"]
[BlackElo "2358"]
[PlyCount "98"]
[EventDate "2005.??.??"]

1. d4 e6 2. c4 f5 3. g3 Nf6 4. Bg2 c6 5. Nf3 d5 6. Bg5 Bd6 7. Nbd2 Nbd7 8. Qc2
h6 9. Bf4 Bxf4 10. gxf4 Ne4 11. h4 O-O 12. e3 Qe7 13. Bf1 Qd6 14. Rc1 Rf6 15.
a3 b6 16. cxd5 exd5 17. Nxe4 fxe4 18. Ne5 Bb7 19. Bh3 Nf8 20. h5 Qe7 21. Rg1
Qe8 22. Bg4 Bc8 23. Qd1 Kh8 24. Kd2 a5 25. Qb3 Rb8 26. Bxc8 Qxc8 27. Rc3 Qe8
28. Qc2 c5 29. dxc5 d4 30. exd4 Rxf4 31. Kc1 Qxh5 32. c6 Rc8 33. Qb3 Qf5 34.
Rxg7 Kxg7 35. Rg3+ Ng6 36. Rxg6+ Qxg6 37. Nxg6 Rxc6+ 38. Kb1 Rxg6 39. d5 Rff6
40. Qc3 Rg1+ 41. Ka2 Rg2 42. Qd4 Kf7 43. d6 Rfxf2 44. Kb3 b5 45. Qd5+ Kf6 46.
Qd4+ Ke6 47. Qxe4+ Kxd6 48. Qd4+ Kc6 49. Qe4+ Kc5 1/2-1/2

[Event "9. Int. Bavarian Open"]
[Site "Bad Wiessee"]
[Date "2005.11.06"]
[Round "9"]
[White "Meinhardt, Maximilian"]
[Black "Kopylov, Michael"]
[Result "0-1"]
[WhiteElo "2372"]
[BlackElo "2445"]
[PlyCount "82"]
[EventDate "2005.??.??"]

1. e4 c5 2. Nc3 d6 3. g3 Nf6 4. Bg2 Nc6 5. d3 g6 6. f4 Bg7 7. Nf3 O-O 8. O-O
Ne8 9. Be3 Nd4 10. Qd2 f5 11. Rae1 Rb8 12. Nh4 Nf6 13. h3 Qa5 14. Qf2 e6 15. a3
Nh5 16. Nf3 fxe4 17. Nxe4 Nxf3+ 18. Bxf3 Qc7 19. Bxh5 gxh5 20. c3 b6 21. g4 Ba6
22. Rd1 Bb7 23. Rd2 Qe7 24. g5 e5 25. Qg3 Bxe4 26. dxe4 exf4 27. Rxf4 Be5 28.
Rxf8+ Rxf8 29. Qg2 Qe6 30. Rf2 Rxf2 31. Bxf2 Qb3 32. Qf3 Qxb2 33. Kg2 Qxc3 34.
Qxh5 Qc4 35. Qg4 Qf7 36. h4 c4 37. h5 c3 38. h6 Qc4 39. g6 c2 40. gxh7+ Kxh7
41. Be3 Qg8 0-1

[Event "9. Int. Bavarian Open"]
[Site "Bad Wiessee"]
[Date "2005.11.06"]
[Round "9"]
[White "Levushkina, Elena"]
[Black "Balinov, Ilija"]
[Result "0-1"]
[WhiteElo "2230"]
[BlackElo "2431"]
[PlyCount "64"]
[EventDate "2005.??.??"]

1. e4 c5 2. Nf3 b6 3. d4 cxd4 4. Nxd4 Bb7 5. Nc3 a6 6. Be3 e6 7. Qd2 Nf6 8. f3
Qc7 9. Nb3 d5 10. exd5 Bxd5 11. Bf4 Qc8 12. Nxd5 Nxd5 13. O-O-O Bb4 14. c3 O-O
15. Bd3 Nd7 16. Bc2 Be7 17. h4 Rd8 18. Bg5 N7f6 19. Qe2 b5 20. Nd4 Nxc3 21.
bxc3 Qxc3 22. Kb1 Rxd4 23. Rxd4 Qxd4 24. Rd1 Qb4+ 25. Bb3 h6 26. Bd2 Qxh4 27.
Bc3 Rd8 28. Rxd8+ Bxd8 29. Bxe6 fxe6 30. Qxe6+ Kh7 31. Qf5+ Kh8 32. Qc8 Ng8 0-1

[Event "9. Int. Bavarian Open"]
[Site "Bad Wiessee"]
[Date "2005.11.06"]
[Round "9"]
[White "Rosen, Willy"]
[Black "Pirrot, Dieter"]
[Result "0-1"]
[WhiteElo "2275"]
[BlackElo "2401"]
[PlyCount "76"]
[EventDate "2005.??.??"]

1. e4 c6 2. d4 d5 3. e5 Bf5 4. Be3 e6 5. Nd2 h6 6. Nb3 Nd7 7. f4 Ne7 8. Nf3 Be4
9. Be2 Nf5 10. Bf2 Be7 11. O-O h5 12. Nfd2 g5 13. Bxh5 gxf4 14. Bf3 Bxf3 15.
Nxf3 Qb6 16. Qd2 O-O-O 17. Qxf4 Rdg8 18. Kh1 Nh6 19. Qd2 Qc7 20. Nc1 Ng4 21.
Nd3 f5 22. Nf4 Bg5 23. h3 Bxf4 24. Qxf4 Ndf6 25. Be1 Ne4 26. Nh4 Qe7 27. g3 Rh7
28. Rd1 Kb8 29. Rd3 c5 30. c3 Nh6 31. Rdf3 Ng5 32. Re3 Nxh3 33. Qf3 Ng4 34. Rd3
Ng5 35. Qf4 Ne4 36. b3 c4 37. Rdf3 Ng5 38. Bd2 Nh3 0-1

[Event "9. Int. Bavarian Open"]
[Site "Bad Wiessee"]
[Date "2005.11.06"]
[Round "9"]
[White "Kummerow, Heiko"]
[Black "Sandipan, Chanda"]
[Result "0-1"]
[WhiteElo "2285"]
[BlackElo "2560"]
[PlyCount "44"]
[EventDate "2005.??.??"]

1. e4 c5 2. Nf3 d6 3. d4 cxd4 4. Nxd4 Nf6 5. Nc3 a6 6. Bg5 e6 7. f4 Nbd7 8. Qf3
Qc7 9. O-O-O b5 10. Bxb5 axb5 11. Ndxb5 Qb8 12. e5 Bb7 13. Qe2 dxe5 14. Rxd7
Nxd7 15. Qc4 Bc5 16. Rd1 Qc8 17. Qd3 f6 18. Nd6+ Bxd6 19. Qxd6 Ra6 20. Nb5 Rxd6
21. Nxd6+ Ke7 22. Nxc8+ Rxc8 0-1

[Event "9. Int. Bavarian Open"]
[Site "Bad Wiessee"]
[Date "2005.11.06"]
[Round "9"]
[White "Klundt, Klaus"]
[Black "Bjarnason, Oskar"]
[Result "1/2-1/2"]
[WhiteElo "2377"]
[BlackElo "2258"]
[PlyCount "97"]
[EventDate "2005.??.??"]

1. e4 d5 2. exd5 Qxd5 3. Nc3 Qa5 4. d4 Nf6 5. Nf3 c6 6. Bd2 Qb6 7. Bc4 Qxb2 8.
Ne5 e6 9. O-O Be7 10. Bb3 Qa3 11. Nc4 Qa6 12. Bg5 Nbd7 13. Qf3 O-O 14. Rad1 Nd5
15. Bxe7 Nxe7 16. Ne4 Nd5 17. Ncd6 Qa5 18. c4 N5f6 19. c5 Nxe4 20. Qxe4 Qd8 21.
Rfe1 Nf6 22. Qf3 Nd5 23. Re4 f5 24. Re5 b6 25. Rde1 Bd7 26. Bxd5 cxd5 27. c6
Bxc6 28. Rxe6 Qg5 29. Qc3 Ba4 30. Qc7 Qd2 31. Qe7 Qxd4 32. R6e5 f4 33. Qe6+ Kh8
34. Nf7+ Rxf7 35. Qxf7 h6 36. h4 f3 37. g3 Qg4 38. Rf5 d4 39. Qd5 Rc8 40. Rf4
Qh3 41. Qxf3 Bc6 42. Rfe4 Bxe4 43. Qxe4 Qd7 44. Rd1 Rd8 45. Rd3 Qd5 46. Qxd5
Rxd5 47. Kg2 Ra5 48. a3 Kg8 49. Kf3 1/2-1/2

[Event "9. Int. Bavarian Open"]
[Site "Bad Wiessee"]
[Date "2005.11.06"]
[Round "9"]
[White "Hedke, Fred"]
[Black "Braun, Christian"]
[Result "1/2-1/2"]
[WhiteElo "2339"]
[BlackElo "2240"]
[PlyCount "46"]
[EventDate "2005.??.??"]

1. e4 c5 2. g3 d5 3. exd5 Qxd5 4. Nf3 Bg4 5. Bg2 Qe6+ 6. Kf1 Nc6 7. h3 Bh5 8.
Nc3 Nf6 9. d3 Qd7 10. g4 Bg6 11. Bf4 e6 12. Ne5 Nxe5 13. Bxe5 Bd6 14. Bxf6 gxf6
15. Qf3 f5 16. Re1 O-O-O 17. gxf5 Bxf5 18. Ne4 Be7 19. a3 Rhg8 20. b4 cxb4 21.
axb4 Rg7 22. Rg1 Rdg8 23. Re3 Qc7 1/2-1/2

[Event "9. Int. Bavarian Open"]
[Site "Bad Wiessee"]
[Date "2005.11.06"]
[Round "9"]
[White "Seuffert, Gabriel"]
[Black "Rüttinger, Johannes"]
[Result "1-0"]
[WhiteElo "2336"]
[BlackElo "2233"]
[PlyCount "79"]
[EventDate "2005.??.??"]

1. c4 f5 2. g3 Nf6 3. Bg2 g6 4. Nc3 Bg7 5. d3 O-O 6. e4 fxe4 7. dxe4 d6 8. Nge2
c5 9. h3 Nc6 10. O-O e5 11. f4 Be6 12. Nd5 Qd7 13. g4 exf4 14. Nexf4 Bf7 15.
Nd3 Nxd5 16. cxd5 Nd4 17. Be3 a5 18. Rc1 Qb5 19. Rf2 a4 20. Kh1 Kh8 21. Qd2 a3
22. Rb1 Bg8 23. Rxf8 Rxf8 24. b3 Qe8 25. Bf4 Nb5 26. Rc1 Qe7 27. Bg5 Qf7 28. b4
b6 29. bxc5 bxc5 30. Bf4 Qe7 31. Rb1 Nd4 32. Rb6 Rd8 33. Ra6 c4 34. Nb4 Qb7 35.
Be3 c3 36. Qxd4 c2 37. Rc6 h6 38. Qd2 Rb8 39. Bd4 Qxb4 40. Qxh6+ 1-0